| 000 | 00335cam a22001217a 4500 | ||
|---|---|---|---|
| 008 | 180718b2002 xxu||||| |||| 00| 0 eng d | ||
| 082 | _aA75 J559 | ||
| 245 |
_aThe district gazetteer of Jharkhand _cedited by S.C. Bhatt |
||
| 260 |
_aNew Delhi _bGyan _c2002 |
||
| 300 | _a354p. | ||
| 650 | _aJharkhand - Gazetteers | ||
| 700 | _aBhatt, S.C. | ||
| 999 |
_c492010 _d492010 |
||